000 00223 a2200097 4500
001 35659
100 _aBroadbent, S R
245 _aWorld Aerospace Profile,
260 _aLondon
_bSterling Pub Ltd
_c
090 _c23445
_d23445
942 _aNUST-CAE
_cM
_c14942
999 _c270732
_d270732